| Tag |
First Indicator |
Second Indicator |
Subfields |
| LEADER |
00000cas a2200000 a 4500 |
| 001 |
in00001728613 |
| 005 |
20211202195111.0 |
| 006 |
m d f |
| 007 |
cr an- |
| 008 |
030109c19959999dcufr p s f0 0eng c |
| 010 |
|
|
|a 2003230305
|
| 035 |
|
|
|a (OCoLC)ocm51330009
|
| 037 |
|
|
|b Paper version available from: Small Business Administration, Office of Inspector General, Management & Legal Division, 409 Third Street, S.W., Washington, DC 20416-4111
|
| 040 |
|
|
|a GPO
|c GPO
|d MvI
|d UtOrBLW
|
| 042 |
|
|
|a lcd
|
| 043 |
|
|
|a n-us---
|
| 049 |
|
|
|a WWW
|
| 074 |
|
|
|a 0901-A-06 (online)
|
| 086 |
0 |
|
|a SBA 1.1/3:
|
| 110 |
1 |
|
|a United States.
|b Small Business Administration.
|b Office of Inspector General.
|
| 240 |
1 |
0 |
|a Semiannual report of the Inspector General (Online)
|
| 245 |
1 |
0 |
|a Semiannual report of the Inspector General.
|
| 246 |
1 |
|
|i Issues for fiscal year 1999 have title:
|a Semiannual report to Congress, Office of Inspector General, U.S. Small Business Administration
|
| 264 |
|
1 |
|a Washington, D.C. :
|b Office of Inspector General, U.S. Small Business Administration.
|
| 310 |
|
|
|a Semiannual
|
| 336 |
|
|
|a text
|b txt
|2 rdacontent
|
| 337 |
|
|
|a computer
|b c
|2 rdamedia
|
| 338 |
|
|
|a online resource
|b cr
|2 rdacarrier
|
| 362 |
1 |
|
|a Electronic coverage as of Jan. 7, 2003: Apr. 1, 1995, to Sept. 30, 1995-
|
| 538 |
|
|
|a Mode of access: via Internet at the OIG web site. Address as of 1/07/03: http://www.sba.gov/ig/igreadingroom.html#sar; current access is available via PURL.
|
| 500 |
|
|
|a Description based on: Apr. 1, 1995 to Sept. 30, 1995; title from caption of report screen (viewed on Jan. 7, 2003).
|
| 530 |
|
|
|a Online version of the print publication.
|
| 580 |
|
|
|a Continues the microfiche version.
|
| 580 |
|
|
|a Some reports accompanied by summary, 1995-1997.
|
| 500 |
|
|
|a Electronic resource.
|
| 610 |
1 |
0 |
|a United States.
|b Small Business Administration.
|b Office of Inspector General
|v Periodicals.
|
| 610 |
1 |
0 |
|a United States.
|b Small Business Administration
|x Auditing
|v Periodicals.
|
| 776 |
1 |
|
|a United States. Small Business Administration. Office of Inspector General.
|t Semi-annual report of the Inspector General
|w (DLC) 84640570
|w (OCoLC)6849983
|
| 780 |
1 |
0 |
|a United States. Small Business Administration. Office of Inspector General.
|t Semi-annual report of the Inspector General
|w (DLC)sn 90012137
|w (OCoLC)15634851
|
| 787 |
1 |
|
|a United States. Small Business Administration. Office of Inspector General.
|t Semiannual report to Congress
|w (DLC) 2003230304
|w (OCoLC)51329969
|
| 856 |
4 |
0 |
|u https://purl.fdlp.gov/GPO/LPS25574
|t 0
|
| 999 |
|
|
|a MARS
|
| 999 |
f |
f |
|s d022d91d-62da-33d4-84c2-318d2b0d854c
|i b517010b-d928-3e70-a7d6-306411f31785
|t 0
|
| 952 |
f |
f |
|a Texas A&M University
|b College Station
|c Electronic Resources
|d Available Online
|t 0
|e SBA 1.1/3:
|h Superintendent of Documents classification
|
| 998 |
f |
f |
|a SBA 1.1/3:
|t 0
|l Available Online
|